<?xml version="1.0" encoding="UTF-8"?>
<record
    xmlns:xsi="http://www.w3.org/2001/XMLSchema-instance"
    xsi:schemaLocation="http://www.loc.gov/MARC21/slim http://www.loc.gov/standards/marcxml/schema/MARC21slim.xsd"
    xmlns="http://www.loc.gov/MARC21/slim">

  <leader>02997nam a2200265 i 4500</leader>
  <controlfield tag="003">DO-SdBNP</controlfield>
  <controlfield tag="005">20250313141437.0</controlfield>
  <controlfield tag="007">ta</controlfield>
  <controlfield tag="008">250313t1971    dr            001 0|spa d</controlfield>
  <datafield tag="040" ind1=" " ind2=" ">
    <subfield code="a">DO-SdBNP</subfield>
    <subfield code="b">spa</subfield>
    <subfield code="c">BNPHU</subfield>
    <subfield code="e">rda</subfield>
  </datafield>
  <datafield tag="082" ind1=" " ind2=" ">
    <subfield code="a">155.3 </subfield>
    <subfield code="b">P192d</subfield>
    <subfield code="2">22</subfield>
  </datafield>
  <datafield tag="100" ind1=" " ind2=" ">
    <subfield code="a">Paniagua Rodr&#xED;guez, Alejandro</subfield>
    <subfield code="e">autor</subfield>
    <subfield code="4">aut.</subfield>
    <subfield code="9">87199</subfield>
  </datafield>
  <datafield tag="245" ind1="1" ind2="4">
    <subfield code="a">Los dominicanos :</subfield>
    <subfield code="b">(sexo, otros ensayos) /</subfield>
    <subfield code="c">A. Paniagua</subfield>
  </datafield>
  <datafield tag="264" ind1=" " ind2=" ">
    <subfield code="a">Santo Domingo :</subfield>
    <subfield code="b">Editora El M&#xE9;dico Dominicano,</subfield>
    <subfield code="c">1971.</subfield>
  </datafield>
  <datafield tag="300" ind1=" " ind2=" ">
    <subfield code="a">183 p&#xE1;ginas</subfield>
    <subfield code="c">21 cm.</subfield>
  </datafield>
  <datafield tag="336" ind1=" " ind2=" ">
    <subfield code="a">texto</subfield>
    <subfield code="b">txt</subfield>
    <subfield code="2">rdacontent</subfield>
  </datafield>
  <datafield tag="337" ind1=" " ind2=" ">
    <subfield code="a">sin mediaci&#xF3;n</subfield>
    <subfield code="b">n</subfield>
    <subfield code="2">rdamedia</subfield>
  </datafield>
  <datafield tag="338" ind1=" " ind2=" ">
    <subfield code="a">volumen</subfield>
    <subfield code="b">nc</subfield>
    <subfield code="2">rdacarrier</subfield>
  </datafield>
  <datafield tag="504" ind1=" " ind2=" ">
    <subfield code="a">Bibliograf&#xED;a p: 180-184.</subfield>
  </datafield>
  <datafield tag="505" ind1=" " ind2=" ">
    <subfield code="a">Primera Parte --</subfield>
    <subfield code="g">APORTE PARA UN ESTUDIO DEL SEXO EN SANTO DOMINGO</subfield>
    <subfield code="t">Ciencia de la conducta y modelo de la conducta --</subfield>
    <subfield code="t">Aspectos antropol&#xF3;gicos -- </subfield>
    <subfield code="t">El incesto --</subfield>
    <subfield code="t">El mito de superioridad sexual -- </subfield>
    <subfield code="t">El movimiento feminista -- </subfield>
    <subfield code="t">El machismo -- </subfield>
    <subfield code="t">El complejo de Edipo --</subfield>
    <subfield code="t">Aspectos cl&#xED;nicos de nuestra sexualidad --</subfield>
    <subfield code="t">Homosexualidad masculina (sodom&#xED;a) --</subfield>
    <subfield code="t">Homosexualidad femenina (lesbianismo o safismo) -- </subfield>
    <subfield code="t">Estados intersexuales (hemafroditismo) --</subfield>
    <subfield code="t">Masturbaci&#xF3;n (Onanismo) -- </subfield>
    <subfield code="t">Frigidez o anafrodisia -- </subfield>
    <subfield code="t">Las prostitutas y la frigidez -- </subfield>
    <subfield code="t">Impotencia -- </subfield>
    <subfield code="t">Algunos consejo err&#xF3;neos -- </subfield>
    <subfield code="t">El beso genital / </subfield>
  </datafield>
  <datafield tag="505" ind1=" " ind2=" ">
    <subfield code="a">Segunda parte --</subfield>
    <subfield code="g">OTROS ENSAYOS --</subfield>
    <subfield code="t">Nuestro costumbrismo (revalorizaci&#xF3;n) --</subfield>
    <subfield code="t">Pruebas hist&#xF3;ricas de la presencia del Negro en Santo Domingo -- </subfield>
    <subfield code="t">Divisi&#xF3;n racial --</subfield>
    <subfield code="t">Censos generales de la Rep&#xFA;blica Dominicana --</subfield>
    <subfield code="t">La mancha &#xE9;bano en Hispanoam&#xE9;rica --</subfield>
    <subfield code="t">Clase, ocupaci&#xF3;n y correlaci&#xF3;n etnica en el Per&#xFA; --</subfield>
    <subfield code="t">Ocupaci&#xF3;n y correlaci&#xF3;n &#xE9;tnica en la Rep&#xFA;blica Dominicana --</subfield>
    <subfield code="t">Conflicto de interpretaci&#xF3;n hist&#xF3;rica --</subfield>
    <subfield code="t">La mente nos pone al descubierto --</subfield>
    <subfield code="t">Primitivismo y Relajo --</subfield>
    <subfield code="t">Las Trascendencia del voudu&#xED;smo  --</subfield>
    <subfield code="t">El trance mediaumn&#xED;stico o montarse un ser --</subfield>
    <subfield code="t">Los milagros -- </subfield>
    <subfield code="t">El Var&#xF3;n del Cementerio (un trance ext&#xE1;tico-convulsivo) --</subfield>
    <subfield code="t">La vida es sue&#xF1;o --</subfield>
    <subfield code="t">La sugesti&#xF3;n --</subfield>
    <subfield code="t">Los fantasmas y apariciones --</subfield>
    <subfield code="t">Contribuci&#xF3;n del Pensamiento M&#xE1;gico a la Psicopatolog&#xED;a de los dominicanos --</subfield>
    <subfield code="t">El caso Joaqu&#xED;n (Sintomatolog&#xED;a Psico-Fisiol&#xF3;gica de influencia Voud&#xFA;) --</subfield>
    <subfield code="t">El caso Genaro (Neurosis e intimaci&#xF3;n m&#xE1;gica) --</subfield>
    <subfield code="t">El caso Antonio (Esquizofrenia e intimaci&#xF3;n m&#xE1;gica) --</subfield>
    <subfield code="t">El ataque menor o la simple p&#xE9;rdida del conocimiento --</subfield>
    <subfield code="t">El ataque mayor (Un s&#xED;ndrome ext&#xE1;tico-convulsivo con m&#xED;nima participaci&#xF3;n volitiva) --</subfield>
    <subfield code="t">La alfares&#xED;a de los ni&#xF1;os -- </subfield>
    <subfield code="t">Existe Un algo y de esos los m&#xE9;dicos no saben nada --</subfield>
    <subfield code="t">El principio m&#xE1;gico (Recopilaci&#xF3;n y cr&#xED;tica) --</subfield>
    <subfield code="t">&#xBF;Cree usted en la magia? --</subfield>
    <subfield code="t">El est&#xED;mulo m&#xE1;gico positivo (Magia blanca: El despojo) --</subfield>
    <subfield code="t">El est&#xED;mulo m&#xE1;gico negativo (Magia negra o hechicer&#xED;a) --</subfield>
    <subfield code="t">La equivocaciones de la magia --</subfield>
    <subfield code="t">Los aciertos de la magia --</subfield>
    <subfield code="t">Lo racial en nuestro temperamento --</subfield>
    <subfield code="t">Un caso ilustrativo --</subfield>
    <subfield code="t">Prejuicio racial y otros prejuicios /</subfield>
  </datafield>
  <datafield tag="590" ind1=" " ind2=" ">
    <subfield code="a">Inventariado, 2025/ YL</subfield>
  </datafield>
  <datafield tag="910" ind1=" " ind2=" ">
    <subfield code="a">YLockward</subfield>
  </datafield>
  <datafield tag="942" ind1=" " ind2=" ">
    <subfield code="2">ddc</subfield>
    <subfield code="c">LBS1</subfield>
  </datafield>
  <datafield tag="952" ind1=" " ind2=" ">
    <subfield code="0">0</subfield>
    <subfield code="1">0</subfield>
    <subfield code="2">ddc</subfield>
    <subfield code="5">1</subfield>
    <subfield code="7">0</subfield>
    <subfield code="8">PD</subfield>
    <subfield code="a">BNPHU</subfield>
    <subfield code="b">BNPHU</subfield>
    <subfield code="c">CT</subfield>
    <subfield code="d">2024-11-23</subfield>
    <subfield code="e">Donado por Carmen Rodriguez</subfield>
    <subfield code="l">0</subfield>
    <subfield code="o">BNPHU PD 155.3  P192d</subfield>
    <subfield code="p">2025-1832</subfield>
    <subfield code="r">2025-03-13</subfield>
    <subfield code="w">2025-03-13</subfield>
    <subfield code="y">LBS1</subfield>
  </datafield>
  <datafield tag="999" ind1=" " ind2=" ">
    <subfield code="c">58419</subfield>
    <subfield code="d">58419</subfield>
  </datafield>
</record>
